000 00259nam a2200121Ia 4500
003 IN-BaIIA
008 211028s9999 xx 000 0 eng d
040 _cIIA Library
080 _a-3
_bHIN
245 0 _aHindi Nirdeshika
650 _aHindi
_94155
942 _cBK
999 _c2321
_d2321